Văn hóa vì phát triển

में बचाया:
ग्रंथसूची विवरण
मुख्य लेखक: Phạm, Xuân Nam
स्वरूप: पुस्तक
भाषा:Undetermined
प्रकाशित: Hà Nội Khoa học - Xã hội 2005
टैग : टैग जोड़ें
कोई टैग नहीं, इस रिकॉर्ड को टैग करने वाले पहले व्यक्ति बनें!
Thư viện lưu trữ: Trung tâm Học liệu Trường Đại học Cần Thơ
LEADER 00485nam a2200181Ia 4500
001 CTU_94004
008 210402s9999 xx 000 0 und d
020 |c 40000 
082 |a 305.89597 
082 |b N104 
100 |a Phạm, Xuân Nam 
245 0 |a Văn hóa vì phát triển 
245 0 |c Phạm Xuân Nam 
260 |a Hà Nội 
260 |b Khoa học - Xã hội 
260 |c 2005 
904 |i Minh 
980 |a Trung tâm Học liệu Trường Đại học Cần Thơ